[Event "37. Open Barberá del Vallés 2014"]
[Site "Barberá del Vallés ESP"]
[Date "2014.07.10"]
[Round "7.15"]
[White "Mascaro March, Pedro"]
[Black "Bas Mas, Jose Joaquin"]
[Result "1-0"]
[WhiteElo "2417"]
[BlackElo "2278"]
[PlyCount "97"]
[EventDate "2014.07.04"]
[EventType "swiss"]
[EventRounds "9"]
[EventCountry "ESP"]
[Source "lmi"]
[SourceDate "2014.07.04"]

1. d4 d5 2. Nf3 Nf6 3. c4 e6 4. Nc3 Nbd7 5. cxd5 exd5 6. Bg5 h6 7. Bh4 Be7 8.
e3 O-O 9. Bd3 b6 10. O-O Bb7 11. Rc1 c5 12. Bg3 Ne4 13. Qe2 Nxg3 14. hxg3 c4
15. Bb1 Nf6 16. Ne5 a6 17. f4 b5 18. Qf3 Bb4 19. g4 Bxc3 20. bxc3 Ne4 21. Bxe4
dxe4 22. Qg3 f6 23. Ng6 Rf7 24. Rf2 Bd5 25. Rcf1 a5 26. g5 fxg5 27. f5 Ra6 28.
Ne5 Rff6 29. Ng4 b4 30. Nxf6+ gxf6 31. Rb2 Rb6 32. Rfb1 Qe7 33. Qe1 b3 34. axb3
cxb3 35. c4 Bxc4 36. Qxa5 Qb7 37. Rc1 Bf7 38. Rc5 Kg7 39. Qc3 Qa8 40. Rc8 Rb8
41. Rc7 Rb7 42. Rc6 Qa1+ 43. Kh2 Qf1 44. Rxf6 Kxf6 45. Qc6+ Kg7 46. Qxb7 Qxf5
47. Rxb3 Qf2 48. Rb1 g4 49. Qxe4 1-0

[Event "37. Open Barberá del Vallés 2014"]
[Site "Barberá del Vallés ESP"]
[Date "2014.07.10"]
[Round "7.16"]
[White "Vehi Bach, Victor Manuel"]
[Black "Martinez Ramirez, Erik"]
[Result "1-0"]
[WhiteElo "2313"]
[BlackElo "2324"]
[PlyCount "91"]
[EventDate "2014.07.04"]
[EventType "swiss"]
[EventRounds "9"]
[EventCountry "ESP"]
[Source "lmi"]
[SourceDate "2014.07.04"]

1. e4 d5 2. exd5 Qxd5 3. Nc3 Qa5 4. d4 Nf6 5. Bc4 Nc6 6. Nge2 Bg4 7. f3 Bh5 8.
Bd2 O-O-O 9. Nd5 Qa4 10. b3 Qa3 11. Nxf6 gxf6 12. c3 Qd6 13. Ng3 Bg6 14. Ne4
Qd7 15. Qe2 e5 16. d5 Ne7 17. Nxf6 Qf5 18. Ng4 Nxd5 19. Bxd5 Rxd5 20. Ne3 Qd3
21. Nxd5 Qxd5 22. Be3 Qc6 23. O-O Qxc3 24. Rfc1 Qa5 25. a3 Bd6 26. b4 Qd5 27.
Rd1 Qb3 28. Bxa7 Rd8 29. Bf2 f6 30. Rd2 Kb8 31. Bc5 Qc3 32. Rad1 Bxc5+ 33. bxc5
Qxc5+ 34. Kh1 Rd4 35. Rxd4 exd4 36. Qf2 Qxa3 37. Qxd4 Qe7 38. h4 Bf7 39. Kg1
Bg6 40. Kf2 b6 41. Re1 Qf7 42. g4 f5 43. Qd8+ Kb7 44. Ra1 Kc6 45. Qa8+ Kd7 46.
Rd1+ 1-0

[Event "37. Open Barberá del Vallés 2014"]
[Site "Barberá del Vallés ESP"]
[Date "2014.07.10"]
[Round "7.17"]
[White "Cruz, Filemon"]
[Black "Gurevich, Daniel"]
[Result "1-0"]
[WhiteElo "2412"]
[BlackElo "2317"]
[PlyCount "69"]
[EventDate "2014.07.04"]
[EventType "swiss"]
[EventRounds "9"]
[EventCountry "ESP"]
[Source "lmi"]
[SourceDate "2014.07.04"]

1. Nf3 g6 2. d4 Nf6 3. c4 Bg7 4. Nc3 d6 5. e4 O-O 6. Be2 Bg4 7. Be3 Nfd7 8. Qd2
c5 9. d5 Na6 10. Bh6 Nc7 11. h4 Nf6 12. O-O-O b5 13. cxb5 a6 14. e5 dxe5 15. h5
Bxh5 16. Bxg7 Kxg7 17. Nxe5 axb5 18. Bxh5 Nxh5 19. Rxh5 gxh5 20. Qg5+ Kh8 21.
Qxh5 Ne8 22. Rh1 Nf6 23. Qh6 Qc8 24. d6 Qf5 25. dxe7 Rfb8 26. Nxf7+ Kg8 27. Nd6
Qg6 28. Qe3 b4 29. Rh6 bxc3 30. Qe6+ Kg7 31. Rxg6+ hxg6 32. Qf7+ Kh6 33. Qxf6
cxb2+ 34. Kb1 Rxa2 35. Qf8+ 1-0

[Event "37. Open Barberá del Vallés 2014"]
[Site "Barberá del Vallés ESP"]
[Date "2014.07.10"]
[Round "7.18"]
[White "Hagesather, Ellen"]
[Black "Aloma Vidal, Robert"]
[Result "0-1"]
[WhiteElo "2182"]
[BlackElo "2406"]
[PlyCount "150"]
[EventDate "2014.07.04"]
[EventType "swiss"]
[EventRounds "9"]
[EventCountry "ESP"]
[Source "lmi"]
[SourceDate "2014.07.04"]

1. e4 Nf6 2. d3 e5 3. Nf3 Nc6 4. Be2 Bc5 5. c3 d6 6. O-O a6 7. d4 Ba7 8. dxe5
dxe5 9. Qxd8+ Kxd8 10. Nbd2 Bg4 11. b3 Kd7 12. a4 Rhd8 13. b4 Ke8 14. Re1 h6
15. Kf1 Nd7 16. Nc4 f6 17. b5 axb5 18. axb5 Ne7 19. Rd1 Be6 20. Ne1 Bc5 21. Bb2
Ng6 22. Na5 Ra7 23. Bc4 Ngf8 24. Bxe6 Nxe6 25. Nc4 Rxa1 26. Bxa1 Ra8 27. Nd3
Ra4 28. Ndb2 Ra2 29. f3 Nf4 30. g3 Ne6 31. Ke2 Nb6 32. Nxb6 Bxb6 33. Kd3 Ng5
34. Ke2 Nh3 35. Kd2 Ng1 36. f4 Nf3+ 37. Kc2 exf4 38. gxf4 Nxh2 39. Kb3 Ra8 40.
Nc4 Rd8 41. Rh1 Ng4 42. Rh4 Ne3 43. Nxb6 cxb6 44. Rh3 Nf1 45. c4 Nd2+ 46. Kb4
Rc8 47. Rc3 Rc7 48. e5 f5 49. Rc2 Ne4 50. Bd4 Nc5 51. Rc3 Kf7 52. Rg3 h5 53.
Rg5 g6 54. Rg3 Rc8 55. Ra3 Ke6 56. Rg3 Kf7 57. Ra3 g5 58. fxg5 Kg6 59. Be3 h4
60. Bf2 Kxg5 61. Rh3 f4 62. e6 Nxe6 63. Rxh4 Nc5 64. Rh3 Kg4 65. Ra3 f3 66. Bd4
Kg3 67. Ra2 Nd3+ 68. Kc3 f2 69. Ra1 Nc5 70. Kb4 Re8 71. Rf1 Nd3+ 72. Kc3 Kg2
73. Kxd3 Kxf1 74. Bxb6 Rc8 75. Bxf2 Kxf2 0-1

[Event "37. Open Barberá del Vallés 2014"]
[Site "Barberá del Vallés ESP"]
[Date "2014.07.10"]
[Round "7.19"]
[White "Sos Andreu, Eric"]
[Black "Iagar, Razvan-Gabriel"]
[Result "1/2-1/2"]
[WhiteElo "2345"]
[BlackElo "2168"]
[PlyCount "131"]
[EventDate "2014.07.04"]
[EventType "swiss"]
[EventRounds "9"]
[EventCountry "ESP"]
[Source "lmi"]
[SourceDate "2014.07.04"]

1. d4 d5 2. c4 c6 3. Nf3 Nf6 4. Nc3 e6 5. Bg5 h6 6. Bxf6 Qxf6 7. e3 Nd7 8. Bd3
Qd8 9. O-O Nf6 10. Rb1 Bd6 11. e4 dxe4 12. Nxe4 Nxe4 13. Bxe4 c5 14. b4 cxd4
15. c5 Bc7 16. c6 Rb8 17. Qxd4 Qxd4 18. Nxd4 Bb6 19. Rfd1 e5 20. Nf3 f6 21.
Rbc1 bxc6 22. a4 Be6 23. a5 Bd8 24. Rxc6 Kf7 25. Ra6 Rxb4 26. Rxa7+ Be7 27. Re1
Rd8 28. a6 Ra4 29. Bc6 Ra5 30. h3 Bc8 31. Rc7 Rxa6 32. Rb1 Kf8 33. Bb5 Bf5 34.
Rbc1 Rb6 35. Nh4 Be4 36. Bd7 Rb1 37. Rxb1 Bxb1 38. Bf5 Bxf5 39. Nxf5 Re8 40. g4
g6 41. Nxh6 Kg7 42. g5 fxg5 43. Ng4 e4 44. Kf1 Kf7 45. Ke2 Ra8 46. Ke3 Ra4 47.
Rc6 Ra3+ 48. Kxe4 Rxh3 49. Ne5+ Kg7 50. Rxg6+ Kh7 51. Rc6 Rh4+ 52. Kd5 Ba3 53.
Rc7+ Kh6 54. Rc6+ Kh7 55. f3 Rh6 56. Rc7+ Kg8 57. Ng4 Rg6 58. Ke4 Bb2 59. Kf5
Rg7 60. Rc8+ Kf7 61. Ne3 Ke7 62. Rb8 Ba1 63. Rb7+ Kd8 64. Rb1 Rf7+ 65. Ke6 Rf6+
66. Kd5 1/2-1/2

[Event "37. Open Barberá del Vallés 2014"]
[Site "Barberá del Vallés ESP"]
[Date "2014.07.10"]
[Round "7.20"]
[White "Martinez Alcantara, Jose Eduar"]
[Black "Raghunandan, Kaumandur Srihari"]
[Result "1-0"]
[WhiteElo "2295"]
[BlackElo "2148"]
[PlyCount "85"]
[EventDate "2014.07.04"]
[EventType "swiss"]
[EventRounds "9"]
[EventCountry "ESP"]
[Source "lmi"]
[SourceDate "2014.07.04"]

1. e4 c5 2. Nf3 d6 3. d4 cxd4 4. Nxd4 Nf6 5. Nc3 a6 6. Be3 e5 7. Nf3 Be7 8. Bc4
O-O 9. O-O Be6 10. Bb3 Nc6 11. Bg5 Nd7 12. Bxe7 Qxe7 13. Nd5 Qd8 14. Qe2 Nc5
15. Rad1 Rc8 16. Rd2 Nxb3 17. axb3 Bxd5 18. Rxd5 Nb4 19. Rd2 Qc7 20. c3 Nc6 21.
b4 Ne7 22. Rfd1 Rfd8 23. Ne1 Rd7 24. Nc2 Qc6 25. Qg4 Rcd8 26. Ne3 h6 27. Qf3 b6
28. h4 a5 29. bxa5 bxa5 30. h5 a4 31. Nc2 f5 32. Re1 Qb7 33. Nb4 Ra8 34. Qd1 a3
35. bxa3 Rxa3 36. Rxd6 Rxd6 37. Qxd6 Rxc3 38. exf5 Nxf5 39. Qxe5 Nh4 40. Nd5
Rc5 41. Nf6+ gxf6 42. Qe8+ Kg7 43. Re7+ 1-0

[Event "37. Open Barberá del Vallés 2014"]
[Site "Barberá del Vallés ESP"]
[Date "2014.07.10"]
[Round "7.21"]
[White "Larsen, Karsten"]
[Black "Del Amo Carbo, Jordi"]
[Result "1/2-1/2"]
[WhiteElo "2265"]
[BlackElo "2112"]
[PlyCount "60"]
[EventDate "2014.07.04"]
[EventType "swiss"]
[EventRounds "9"]
[EventCountry "ESP"]
[Source "lmi"]
[SourceDate "2014.07.04"]

1. e4 e5 2. Bc4 Nc6 3. Nf3 Bc5 4. d3 Nf6 5. Nc3 d6 6. Na4 Bb6 7. c3 h6 8. Nxb6
axb6 9. Bb3 Qe7 10. O-O Bg4 11. Qe2 O-O 12. h3 Be6 13. Bxe6 Qxe6 14. a3 Ne7 15.
Nh2 Nd7 16. f4 exf4 17. Bxf4 f5 18. Rae1 fxe4 19. Qxe4 Qxe4 20. Rxe4 Nd5 21. d4
b5 22. Bc1 Rxf1+ 23. Kxf1 N7f6 24. Re1 Kf7 25. Nf3 Nh5 26. Kf2 Nhf4 27. Bxf4
Nxf4 28. Re3 Re8 29. Rxe8 Kxe8 30. Ne1 Kf7 1/2-1/2

[Event "37. Open Barberá del Vallés 2014"]
[Site "Barberá del Vallés ESP"]
[Date "2014.07.10"]
[Round "7.22"]
[White "Saez Coma, Alejandro"]
[Black "Ramirez Garcia, Jorge Alberto"]
[Result "0-1"]
[WhiteElo "2097"]
[BlackElo "2260"]
[PlyCount "72"]
[EventDate "2014.07.04"]
[EventType "swiss"]
[EventRounds "9"]
[EventCountry "ESP"]
[Source "lmi"]
[SourceDate "2014.07.04"]

1. Nf3 d5 2. d4 Nf6 3. Bf4 c5 4. e3 Nc6 5. Be2 Bf5 6. O-O e6 7. c4 dxc4 8. Bxc4
cxd4 9. Nxd4 Nxd4 10. exd4 Bd6 11. Bb5+ Kf8 12. Bg3 Bxg3 13. hxg3 Qb6 14. Qa4
h5 15. d5 a6 16. Nc3 Rd8 17. Qa3+ Kg8 18. Be2 exd5 19. Bf3 h4 20. Na4 Qb5 21.
gxh4 Rxh4 22. Nc3 Qb6 23. Rad1 d4 24. Na4 Qb5 25. Nc3 Qe5 26. g3 Bg4 27. Bxg4
Rxg4 28. Rfe1 Qh5 29. Ne2 Re4 30. Nf4 Qg4 31. Rxe4 Qxd1+ 32. Kg2 Nxe4 33. Qe7
Rc8 34. Qxe4 Rc1 35. Qe8+ Kh7 36. Kh3 Qf3 0-1

[Event "37. Open Barberá del Vallés 2014"]
[Site "Barberá del Vallés ESP"]
[Date "2014.07.10"]
[Round "7.23"]
[White "Pozanco Romasanta, Marc"]
[Black "Canal Oliveras, Joan"]
[Result "1-0"]
[WhiteElo "2088"]
[BlackElo "2250"]
[PlyCount "107"]
[EventDate "2014.07.04"]
[EventType "swiss"]
[EventRounds "9"]
[EventCountry "ESP"]
[Source "lmi"]
[SourceDate "2014.07.04"]

1. d4 f5 2. g3 Nf6 3. Bg2 e6 4. c4 d5 5. Qc2 c6 6. Nh3 Bd6 7. Nd2 O-O 8. Nf3
Ne4 9. O-O Nd7 10. Nf4 Qf6 11. Nh3 h6 12. Bf4 g5 13. Bxd6 Nxd6 14. c5 Nf7 15.
Nd2 Qxd4 16. Nb3 Qg7 17. f3 Nf6 18. e4 Bd7 19. Rae1 fxe4 20. fxe4 e5 21. Nf2 g4
22. Qd1 d4 23. Nd3 Rae8 24. Qd2 Qg6 25. Qa5 Be6 26. Nd2 Qg5 27. Rf2 Nd8 28.
Qxa7 Nd7 29. Rfe2 Rf7 30. Qa4 h5 31. Nc4 Bxc4 32. Qxc4 Ne6 33. Qc1 Qxc1 34.
Rxc1 Ra8 35. a3 Ra5 36. Rec2 Kf8 37. h3 Ng5 38. hxg4 hxg4 39. Nf2 Nf6 40. Nd3
Nd7 41. Ra1 Nf3+ 42. Bxf3 Rxf3 43. Rf1 Rxf1+ 44. Kxf1 Ke7 45. Rh2 Ra8 46. Rh7+
Ke6 47. Rg7 Rf8+ 48. Ke2 Rf3 49. Rxg4 Re3+ 50. Kd2 Nf6 51. Rg6 Rxe4 52. Nf2 Re3
53. Rxf6+ Kxf6 54. Ng4+ 1-0

[Event "37. Open Barberá del Vallés 2014"]
[Site "Barberá del Vallés ESP"]
[Date "2014.07.10"]
[Round "7.24"]
[White "Coimbra, Margarida"]
[Black "Herrera Reyes, Jose Antonio"]
[Result "1/2-1/2"]
[WhiteElo "2071"]
[BlackElo "2239"]
[PlyCount "71"]
[EventDate "2014.07.04"]
[EventType "swiss"]
[EventRounds "9"]
[EventCountry "ESP"]
[Source "lmi"]
[SourceDate "2014.07.04"]

1. e4 c5 2. c3 d6 3. d4 cxd4 4. cxd4 g6 5. Nf3 Nf6 6. Nc3 Bg7 7. Be2 O-O 8. O-O
a6 9. h3 b5 10. a3 Bb7 11. d5 Nbd7 12. Be3 Rc8 13. Nd4 Ne5 14. Rc1 Qd7 15. b3
Qd8 16. f4 Ned7 17. Bf3 Qa5 18. Nb1 Rxc1 19. Qxc1 Rc8 20. Qd2 Qxd2 21. Nxd2 Rc3
22. Kf2 Nc5 23. Ke2 a5 24. Nb1 b4 25. Nxc3 bxc3 26. Rc1 Ncxe4 27. Nb5 Ng3+ 28.
Kd3 Nxd5 29. Nc7 e6 30. Nxd5 Ba6+ 31. Kc2 exd5 32. Bxd5 Bc8 33. Kd3 Ba6+ 34.
Kc2 Bc8 35. Kd3 Ba6+ 36. Kc2 1/2-1/2

[Event "37. Open Barberá del Vallés 2014"]
[Site "Barberá del Vallés ESP"]
[Date "2014.07.10"]
[Round "7.25"]
[White "Tadevosyan, Galust"]
[Black "Dalo, Hermes"]
[Result "0-1"]
[WhiteElo "1843"]
[BlackElo "2226"]
[PlyCount "52"]
[EventDate "2014.07.04"]
[EventType "swiss"]
[EventRounds "9"]
[EventCountry "ESP"]
[Source "lmi"]
[SourceDate "2014.07.04"]

1. e4 c5 2. Nf3 d6 3. Nc3 Nf6 4. d4 cxd4 5. Nxd4 e6 6. Be3 a6 7. Bd3 Qc7 8. Qe2
b5 9. O-O Bb7 10. a3 Nbd7 11. Rad1 Be7 12. f4 O-O 13. Bf2 g6 14. Kh1 Rfe8 15.
Nb3 Bf8 16. Bh4 Nh5 17. Qf2 Bh6 18. Ne2 Bg7 19. f5 exf5 20. exf5 Ne5 21. h3
Nxd3 22. Rxd3 g5 23. Bxg5 Qxc2 24. Nbc1 Qxd3 25. Nxd3 Rxe2 26. Qh4 Rxg2 0-1

[Event "37. Open Barberá del Vallés 2014"]
[Site "Barberá del Vallés ESP"]
[Date "2014.07.10"]
[Round "7.26"]
[White "Leroy, Didier"]
[Black "Garcia Ramos, Daniel"]
[Result "1/2-1/2"]
[WhiteElo "2319"]
[BlackElo "1975"]
[PlyCount "88"]
[EventDate "2014.07.04"]
[EventType "swiss"]
[EventRounds "9"]
[EventCountry "ESP"]
[Source "lmi"]
[SourceDate "2014.07.04"]

1. d4 f5 2. g3 Nf6 3. Bg2 e6 4. Nf3 d6 5. O-O Be7 6. a4 O-O 7. a5 a6 8. Qd3 Nc6
9. Qb3 Kh8 10. Nc3 Qe8 11. Re1 e5 12. dxe5 dxe5 13. e4 Bd6 14. Bg5 Be6 15. Qa4
Nxe4 16. Nxe4 fxe4 17. Qxe4 Bf5 18. Qc4 Qf7 19. Qxf7 Rxf7 20. c3 Raf8 21. Be3
Be7 22. Nd2 Rd8 23. Ne4 Bg4 24. Ng5 Rff8 25. h3 Bc8 26. g4 h6 27. Ne4 g5 28. b4
Kg7 29. Ng3 Bf6 30. Be4 Ne7 31. Bc5 Rfe8 32. Rad1 Nc6 33. f3 Rxd1 34. Rxd1 Rd8
35. Rxd8 Nxd8 36. Nf5+ Bxf5 37. Bxf5 e4 38. fxe4 Bxc3 39. Bc8 Nc6 40. Bxb7 Bxb4
41. Bxb4 Nxb4 42. Kf2 Kf6 43. Ke3 Ke5 44. Kd2 Kd4 1/2-1/2

[Event "37. Open Barberá del Vallés 2014"]
[Site "Barberá del Vallés ESP"]
[Date "2014.07.10"]
[Round "7.27"]
[White "Balague Camps, Marc"]
[Black "Capellades Subirana, Marc"]
[Result "1/2-1/2"]
[WhiteElo "2082"]
[BlackElo "2211"]
[PlyCount "53"]
[EventDate "2014.07.04"]
[EventType "swiss"]
[EventRounds "9"]
[EventCountry "ESP"]
[Source "lmi"]
[SourceDate "2014.07.04"]

1. Nf3 f5 2. g3 Nf6 3. Bg2 d6 4. d4 e6 5. b3 Be7 6. Bb2 Ne4 7. Nfd2 Nxd2 8.
Nxd2 O-O 9. f4 Bf6 10. O-O c5 11. e3 Qc7 12. Nc4 Nd7 13. dxc5 d5 14. Bxf6 Nxf6
15. Ne5 Qxc5 16. Qd4 Qxc2 17. Rfc1 Qe2 18. Rc7 Qb5 19. Rac1 Rd8 20. g4 fxg4 21.
Nxg4 Ne8 22. Rxg7+ Nxg7 23. Nh6+ Kh8 24. Nf7+ Kg8 25. Nh6+ Kh8 26. Nf7+ Kg8 27.
Nh6+ 1/2-1/2

[Event "37. Open Barberá del Vallés 2014"]
[Site "Barberá del Vallés ESP"]
[Date "2014.07.10"]
[Round "7.28"]
[White "Chalmeta Ugas, Jordi"]
[Black "Jareno Badenas, Aleix"]
[Result "0-1"]
[WhiteElo "2187"]
[BlackElo "2064"]
[PlyCount "102"]
[EventDate "2014.07.04"]
[EventType "swiss"]
[EventRounds "9"]
[EventCountry "ESP"]
[Source "lmi"]
[SourceDate "2014.07.04"]

1. d4 Nf6 2. c4 e6 3. Nc3 c5 4. d5 exd5 5. cxd5 d6 6. e4 g6 7. Nge2 Bg7 8. Ng3
O-O 9. Be2 Na6 10. O-O Nc7 11. a4 b6 12. Bf4 Ba6 13. Bxa6 Nxa6 14. Qd2 Nc7 15.
Bh6 Bxh6 16. Qxh6 Ng4 17. Qd2 Qh4 18. h3 Ne5 19. Qc2 a6 20. Rae1 b5 21. axb5
axb5 22. Nh1 b4 23. Na4 Nb5 24. b3 Nd4 25. Qd1 Qf4 26. Re3 f5 27. g3 Qh6 28. f4
Rfe8 29. Rfe1 Nef3+ 30. Rxf3 Nxf3+ 31. Qxf3 fxe4 32. Rxe4 Qg7 33. Nf2 Qa1+ 34.
Kg2 Qb1 35. g4 Rxe4 36. Qxe4 Qxe4+ 37. Nxe4 c4 38. Nb6 c3 39. Ng3 c2 40. Ne2
Ra1 41. Kf2 c1=Q 42. Nxc1 Rxc1 43. Nc4 Rc3 44. Nxd6 Rxb3 45. Ne4 Kf7 46. Ng5+
Ke7 47. Nxh7 Rxh3 48. d6+ Kxd6 49. Nf8 b3 50. f5 b2 51. fxg6 b1=Q 0-1

[Event "37. Open Barberá del Vallés 2014"]
[Site "Barberá del Vallés ESP"]
[Date "2014.07.10"]
[Round "7.29"]
[White "Anguera Maestro, Jaime"]
[Black "Messina, Roberta"]
[Result "1/2-1/2"]
[WhiteElo "2179"]
[BlackElo "2057"]
[PlyCount "56"]
[EventDate "2014.07.04"]
[EventType "swiss"]
[EventRounds "9"]
[EventCountry "ESP"]
[Source "lmi"]
[SourceDate "2014.07.04"]

1. d4 d5 2. Nf3 Nf6 3. e3 c5 4. c3 Nbd7 5. Bd3 g6 6. O-O Bg7 7. Nbd2 O-O 8. Ne5
Nxe5 9. dxe5 Ng4 10. Nf3 Nxe5 11. Nxe5 Bxe5 12. f4 Bg7 13. f5 d4 14. cxd4 cxd4
15. e4 Bd7 16. Bf4 Qb6 17. Qd2 Bb5 18. Rf3 Bxd3 19. Rxd3 e5 20. Bh6 Bxh6 21.
Qxh6 Qf6 22. Rf1 Qg7 23. Qh4 g5 24. Qh5 f6 25. h4 Qf7 26. Qh6 Qg7 27. Qh5 Qf7
28. Qh6 Qg7 1/2-1/2

[Event "37. Open Barberá del Vallés 2014"]
[Site "Barberá del Vallés ESP"]
[Date "2014.07.10"]
[Round "7.30"]
[White "Jordan Arenas, Manuel"]
[Black "Colom Andres, Xavier"]
[Result "1/2-1/2"]
[WhiteElo "2175"]
[BlackElo "1905"]
[PlyCount "118"]
[EventDate "2014.07.04"]
[EventType "swiss"]
[EventRounds "9"]
[EventCountry "ESP"]
[Source "lmi"]
[SourceDate "2014.07.04"]

1. d4 d5 2. c4 c6 3. Nf3 Nf6 4. e3 Bf5 5. Nc3 e6 6. Nh4 Bg6 7. Nxg6 hxg6 8. a3
Nbd7 9. c5 e5 10. b4 Qc7 11. g3 e4 12. Be2 Nh5 13. b5 Be7 14. bxc6 bxc6 15. Qa4
f5 16. Rb1 Kf7 17. Bd2 Rab8 18. O-O Nhf6 19. Na2 Ng4 20. Ba5 Qc8 21. Bxg4 fxg4
22. h4 gxh3 23. Kh2 Rxb1 24. Rxb1 Nf6 25. Be1 Ng4+ 26. Kh1 Qf5 27. Qd1 Nxe3 28.
Qe2 Ng4 29. Rb7 Rf8 30. Nb4 Rc8 31. Rxa7 Qe6 32. Bd2 e3 33. Qf3+ Kg8 34. Bxe3
Rf8 35. Rxe7 Nxf2+ 36. Bxf2 Qxe7 37. Qe3 Qf6 38. Bg1 Qf1 39. Qd2 Rf3 40. Kh2 g5
41. Nc2 g4 42. Ne3 Qb1 43. Nxg4 Rxa3 44. Nf2 Ra2 45. Qe3 Qf1 46. Qe8+ Kh7 47.
Qh5+ Kg8 48. Qe8+ Kh7 49. Qh5+ Kg8 50. Qe8+ Kh7 51. Qh5+ Kg8 52. Qxh3 Rxf2+ 53.
Bxf2 Qxf2+ 54. Kh1 Qxd4 55. Qc8+ Kh7 56. Qxc6 Qd1+ 57. Kg2 Qe2+ 58. Kh3 Qh5+
59. Kg2 Qe2+ 1/2-1/2

[Event "37. Open Barberá del Vallés 2014"]
[Site "Barberá del Vallés ESP"]
[Date "2014.07.10"]
[Round "7.31"]
[White "Castells Briones, Miquel"]
[Black "Garcia Marin, Guillem"]
[Result "0-1"]
[WhiteElo "1979"]
[BlackElo "2099"]
[PlyCount "76"]
[EventDate "2014.07.04"]
[EventType "swiss"]
[EventRounds "9"]
[EventCountry "ESP"]
[Source "lmi"]
[SourceDate "2014.07.04"]

1. d4 Nf6 2. c4 g6 3. g3 Bg7 4. Bg2 d5 5. cxd5 Nxd5 6. Nf3 Nb6 7. Nc3 Nc6 8. e3
O-O 9. O-O Re8 10. Re1 a5 11. Qe2 e5 12. Nxe5 Nxe5 13. dxe5 Bxe5 14. e4 Be6 15.
f4 Bg7 16. e5 Rb8 17. Rd1 Qe7 18. Be3 f6 19. exf6 Bxf6 20. Ne4 Nd7 21. Rac1 c6
22. Nd6 Red8 23. b3 Bg7 24. Rd2 Bg4 25. Qd3 Bf8 26. Ne4 Nf6 27. Nxf6+ Qxf6 28.
Bd4 Qf7 29. Qe3 Re8 30. Be5 Rbd8 31. Rxd8 Rxd8 32. Qb6 Rd2 33. Qxa5 Qd7 34. Re1
b6 35. Qc3 Bc5+ 36. Kh1 Rxg2 37. Bh8 Rg1+ 38. Rxg1 Qd5+ 0-1

[Event "37. Open Barberá del Vallés 2014"]
[Site "Barberá del Vallés ESP"]
[Date "2014.07.10"]
[Round "7.32"]
[White "Nadal Fajardo, Ricard"]
[Black "Andersen, Alf R"]
[Result "0-1"]
[WhiteElo "1999"]
[BlackElo "2214"]
[PlyCount "98"]
[EventDate "2014.07.04"]
[EventType "swiss"]
[EventRounds "9"]
[EventCountry "ESP"]
[Source "lmi"]
[SourceDate "2014.07.04"]

1. e4 d6 2. d4 Nf6 3. Nc3 g6 4. Nf3 Bg7 5. Be2 O-O 6. O-O Bg4 7. h3 Bxf3 8.
Bxf3 c6 9. Re1 e5 10. dxe5 dxe5 11. Qxd8 Rxd8 12. Bg5 Na6 13. a3 Nc5 14. Rad1
Ne6 15. Bxf6 Bxf6 16. Ne2 Bg5 17. g3 Bd2 18. Rf1 Rd6 19. Kg2 Rad8 20. Nc1 Bxc1
21. Rxc1 Rd2 22. Rfd1 Kf8 23. Kf1 Rxd1+ 24. Rxd1 Rxd1+ 25. Bxd1 Ng5 26. f3 Nxh3
27. c3 Ke7 28. Bc2 Ng5 29. Kf2 Ne6 30. Ke3 g5 31. Kf2 h5 32. Kg2 f6 33. Kh3 c5
34. b4 Kd6 35. Bd1 b6 36. Be2 cxb4 37. cxb4 Nd4 38. Bd1 Nb5 39. a4 Nd4 40. f4
exf4 41. gxf4 gxf4 42. Bxh5 Ke5 43. Bg6 Nc2 44. b5 Ne3 45. Kh2 Nd1 46. Kg2 Nc3
47. Kf3 Nxa4 48. Be8 Nc5 49. Bg6 Nb3 0-1

[Event "37. Open Barberá del Vallés 2014"]
[Site "Barberá del Vallés ESP"]
[Date "2014.07.10"]
[Round "7.33"]
[White "Martinez Pla, Xavier"]
[Black "Fabre Massana, Miquel"]
[Result "0-1"]
[WhiteElo "1881"]
[BlackElo "2116"]
[PlyCount "104"]
[EventDate "2014.07.04"]
[EventType "swiss"]
[EventRounds "9"]
[EventCountry "ESP"]
[Source "lmi"]
[SourceDate "2014.07.04"]

1. e4 e5 2. Nf3 d6 3. d4 exd4 4. Nxd4 Nf6 5. Nc3 Be7 6. Bf4 O-O 7. Qd2 Nc6 8.
O-O-O Nxd4 9. Qxd4 Be6 10. f3 Nd7 11. g4 Bg5 12. Bxg5 Qxg5+ 13. Kb1 Ne5 14. Bg2
Ng6 15. Qf2 Nf4 16. Qg3 b5 17. Bf1 a6 18. Ne2 Nxe2 19. Bxe2 Qc5 20. f4 f6 21.
g5 fxg5 22. f5 Bc4 23. Bf3 Rae8 24. Qxg5 Kh8 25. Rhg1 Qe5 26. Rg4 a5 27. Rdg1
Re7 28. Rh4 a4 29. Qg6 Bg8 30. Rg5 Rf6 31. Qh5 b4 32. Rg6 a3 33. c3 axb2 34.
Rxf6 Qxf6 35. cxb4 Qc3 36. Qg5 Re8 37. e5 Qxf3 38. f6 Qd3+ 39. Kxb2 Qe2+ 40.
Kc1 Qe1+ 41. Kc2 Qf2+ 42. Kc1 gxf6 43. Qxf6+ Qxf6 44. exf6 Bxa2 45. Rg4 Rf8 46.
Rg7 Rf7 47. Rg2 Bc4 48. Rc2 Bd3 49. Rc3 Bf5 50. h4 Rxf6 51. h5 Bg4 52. Re3 Bxh5
0-1

[Event "37. Open Barberá del Vallés 2014"]
[Site "Barberá del Vallés ESP"]
[Date "2014.07.10"]
[Round "7.34"]
[White "Garcia Acosta, Roger"]
[Black "Masferrer Niubo, Enric"]
[Result "1-0"]
[WhiteElo "2054"]
[BlackElo "1996"]
[PlyCount "81"]
[EventDate "2014.07.04"]
[EventType "swiss"]
[EventRounds "9"]
[EventCountry "ESP"]
[Source "lmi"]
[SourceDate "2014.07.04"]

1. e4 e5 2. Nc3 Nf6 3. g3 Bc5 4. Bg2 d6 5. Nge2 Nc6 6. d3 O-O 7. O-O Nd4 8. h3
h6 9. Kh2 Nxe2 10. Qxe2 c6 11. f4 Kh7 12. f5 Ng8 13. Qf3 f6 14. a3 b5 15. Ne2
Bd7 16. c3 Be8 17. d4 Bb6 18. Be3 Bf7 19. g4 Bc4 20. Rfd1 Bxe2 21. Qxe2 Qe7 22.
Qf3 Rfe8 23. Qg3 a5 24. Rd3 d5 25. dxe5 dxe4 26. Bxe4 Bxe3 27. Rxe3 Qxe5 28.
Rae1 Qxg3+ 29. Kxg3 Rac8 30. Bf3 Rxe3 31. Rxe3 Rc7 32. Re8 Ne7 33. Kf4 Rb7 34.
b4 axb4 35. axb4 Rc7 36. Ke3 Rd7 37. Be4 Nd5+ 38. Bxd5 Rxd5 39. Re6 c5 40. Ke4
Rd8 41. bxc5 1-0

[Event "37. Open Barberá del Vallés 2014"]
[Site "Barberá del Vallés ESP"]
[Date "2014.07.10"]
[Round "7.35"]
[White "Fernandez Aguilar, Francisco"]
[Black "Ventura Bolet, Alexandre"]
[Result "0-1"]
[WhiteElo "2049"]
[BlackElo "1949"]
[PlyCount "74"]
[EventDate "2014.07.04"]
[EventType "swiss"]
[EventRounds "9"]
[EventCountry "ESP"]
[Source "lmi"]
[SourceDate "2014.07.04"]

1. e4 Nf6 2. Nc3 d5 3. exd5 Nxd5 4. Bc4 e6 5. Nf3 Be7 6. d4 O-O 7. O-O b6 8.
Nxd5 exd5 9. Bd3 Bg4 10. Bf4 c5 11. dxc5 bxc5 12. c4 Nc6 13. cxd5 Nd4 14. Be2
Nxe2+ 15. Qxe2 Re8 16. Rad1 Bd6 17. Qd2 Re4 18. Bxd6 Qxd6 19. Qd3 Rf4 20. Ng5
Bf5 21. Qg3 Rd8 22. Rfe1 h6 23. Nf3 Bg4 24. Rd2 Bxf3 25. gxf3 Qf6 26. Red1 Rd6
27. Qh3 Kh7 28. Qc8 Qh4 29. Qxc5 Rg6+ 30. Kf1 Qh3+ 31. Ke2 Qxf3+ 32. Kf1 Qh3+
33. Ke2 Re4+ 34. Qe3 Rxe3+ 35. fxe3 Qxh2+ 36. Kd3 Qe5 37. Kc2 Rd6 0-1

[Event "37. Open Barberá del Vallés 2014"]
[Site "Barberá del Vallés ESP"]
[Date "2014.07.10"]
[Round "7.36"]
[White "Castillo Escario, Yolanda"]
[Black "Orteu Capdevila, Max"]
[Result "1/2-1/2"]
[WhiteElo "2029"]
[BlackElo "1808"]
[PlyCount "60"]
[EventDate "2014.07.04"]
[EventType "swiss"]
[EventRounds "9"]
[EventCountry "ESP"]
[Source "lmi"]
[SourceDate "2014.07.04"]

1. e4 c5 2. Nf3 d6 3. d4 cxd4 4. Qxd4 Nc6 5. Bb5 Bd7 6. Bxc6 Bxc6 7. Nc3 e5 8.
Qd3 h6 9. O-O Nf6 10. h3 Be7 11. Be3 O-O 12. Rad1 Qc7 13. Nd2 b6 14. f4 Qb7 15.
Rf2 Rad8 16. Rdf1 d5 17. fxe5 Nxe4 18. Ndxe4 dxe4 19. Qc4 Bd5 20. Qe2 Bc5 21.
Rf4 Qe7 22. Nxd5 Rxd5 23. Rxe4 Rxe5 24. Bxc5 Qxc5+ 25. Kh1 Rfe8 26. Rxe5 Qxe5
27. Qxe5 Rxe5 28. Rf2 Kf8 29. Rd2 Ke7 30. Kg1 Rf5 1/2-1/2